000 00476cam a22001217a 4500
008 180718b2000 xxu||||| |||| 00| 0 eng d
082 _aPROJ.REP. 2000/BAN
100 _aBanerji, Pranab
245 _aFinancial, economic and distributional analysis of dams in India: part of India case study for the world commission on dams
_cby Pranab Banerji
260 _aNew Delhi
_bIndian Institute of Public Administration
_c2000
300 _a114p.
440 _aIIPA Working Paper, 2000: 1
999 _c492329
_d492329